Normal view
MARC view
- المحاسبة -تقارير-الاردن
Entry Topical Term
001 - CONTROL NUMBER
- control field: 59610
003 - CONTROL NUMBER IDENTIFIER
- control field: JO-AjAnu
005 - DATE AND TIME OF LATEST TRANSACTION
- control field: 20230606083739.0
008 - FIXED-LENGTH DATA ELEMENTS
- fixed length control field: 230606|| aca||aabn | a|a d
040 ## - CATALOGING SOURCE
- Original cataloging agency: JO-AjAnu
- Transcribing agency: JO-AjAnu
150 ## - HEADING--TOPICAL TERM
- Topical term or geographic name entry element: المحاسبة -تقارير-الاردن
670 ## - SOURCE DATA FOUND
- Source citation: Work cat.: (JO-AjAnu)30401: ديوان المحاسبة , author 59609, ديوان المحاسبة=:AUDIT BUREAU ديوان المحاسبة بيبن الامس واليوم(1996-2017)